000 00438nam a22001457a 4500
999 _c4786
_d4786
008 200901b ||||| |||| 00| 0 eng d
082 0 0 _a423
_bA4251
100 _93817
_aAllen, R. E.
245 1 0 _aThe Concise oxford dictionary of current english /
_cedited by R. E. Allen
250 _a8th ed.
260 _aCalcutta:
_b Oxford university press,
_c1993.
300 _axxxix,1454 p.
650 0 _aDictionaries-English language
942 _cBK